[Event "Bundesliga 1996/97 (w)"]
[Site "masterchessopen.com – Germany"]
[Round "0"]
[White "Fichtner Kathrin (GER)"]
[Black "Bielicki Birke (GER)"]
[Result "1-0"]
[WhiteElo "2091"]
[BlackElo "2183"]

1.d4 Nf6 2.c4 g6 3.Nc3 Bg7 4.e4 d6 5.f3 O-O 6.Be3 Nc6 7.Nge2 a6 8.Qd2 Rb8
9.Nc1 e5 10.d5 Nd4 11.Nb3 Nxb3 12.axb3 c5 13.Bd3 Ne8 14.O-O f5 15.b4 b6 16.Na2
f4 17.Bf2 Rf7 18.bxc5 bxc5 19.b4 Bf8 20.bxc5 dxc5 21.Rfb1 Rxb1+ 22.Rxb1 g5
23.Be2 h5 24.Nc1 Rb7 25.Rxb7 Bxb7 26.Qb2 Qc7 27.Nd3 Bd6 28.Qa3 Kf7 29.Bxc5
Bxc5+ 30.Qxc5 Qxc5+ 31.Nxc5 Nd6 32.Nd7 {#r} 1-0

[Event "Mecklenburg Landesliga 1996/97"]
[Site "masterchessopen.com – Germany"]
[Round "8"]
[White "Doeppner Tilo (GER)"]
[Black "Schwahn Christian"]
[Result "1-0"]
[WhiteElo "2191"]
[BlackElo "1955"]

1.d4 Nf6 2.c4 g6 3.Nc3 Bg7 4.e4 d6 5.f3 O-O 6.Be3 Nc6 7.Qd2 a6 8.Nge2 Rb8 9.h4
h5 10.Nd5 e5 11.Nxf6+ Bxf6 12.d5 Ne7 13.O-O-O c5 14.g4 hxg4 15.h5 gxh5 16.Rxh5
gxf3 17.Ng3 Ng6 18.Bh3 Bxh3 19.Rxh3 Nf4 20.Rdh1 Bg5 21.Rh8+ Kg7 22.Nf5+ {#r}
1-0

[Event "It (open)"]
[Site "masterchessopen.com – Haarlem (Netherlands)"]
[Round "3"]
[White "Wunnink Michael (NED)"]
[Black "Xie Jun (CHN)"]
[Result "0-1"]
[WhiteElo "2045"]
[BlackElo "2495"]

1.d4 Nf6 2.c4 g6 3.Nc3 Bg7 4.e4 d6 5.f3 O-O 6.Be3 Nc6 7.Nge2 a6 8.Qd2 Rb8
9.Nc1 e5 10.d5 Nd4 11.Nb3 Nxb3 12.axb3 c5 13.Bg5 Qb6 14.Ra3 Nh5 15.g3 f5
16.Be2 Nf6 17.O-O Qc7 18.Bd3 Bd7 19.Raa1 Rf7 20.Rae1 Rbf8 21.f4 Nxe4 22.Bxe4
fxe4 23.fxe5 Bh3 24.Rxf7 Qxf7 25.Qf4 Bxe5 26.Qxf7+ Rxf7 27.Nxe4 Rf3 28.Bf4
Bxb2 29.Nxd6 Bd4+ 30.Kh1 g5 31.Bxg5 Rf2 {#R} 0-1

[Event "It (open)"]
[Site "masterchessopen.com – Hallstahammar (Sweden)"]
[Round "4"]
[White "Sammalvuo Tapani (FIN)"]
[Black "Lind Jan-Olov (SWE)"]
[Result "0-1"]
[WhiteElo "2370"]
[BlackElo "2300"]

1.d4 Nf6 2.c4 g6 3.Nc3 Bg7 4.e4 d6 5.f3 O-O 6.Be3 Nc6 7.Nge2 a6 8.Qd2 Rb8
9.Nc1 e5 10.d5 Nd4 11.N1e2 Nxe2 12.Bxe2 Nh5 13.O-O-O f5 14.g3 Nf6 15.Bd3 b5
16.cxb5 axb5 17.Nxb5 fxe4 18.fxe4 Nxe4 19.Qc2 Nc5 20.Bxc5 dxc5 21.Qxc5 e4
22.Bxe4 Qg5+ 23.Kb1 Qe5 24.Nc3 Qxc3 25.Qxc3 Bxc3 26.b3 Rf2 27.Bc2 Ba6 28.d6
cxd6 29.Rxd6 Bb7 30.Rhd1 Bf3 31.R1d3 Rf1+ {#R} 0-1

[Event "Ch Sweden (master's group)"]
[Site "masterchessopen.com – Haninge (Sweden)"]
[Round "6"]
[White "Hultin Per (SWE)"]
[Black "Lind Jan-Olov (SWE)"]
[Result "0-1"]
[WhiteElo "2102"]
[BlackElo "2300"]

1.d4 Nf6 2.c4 g6 3.Nc3 Bg7 4.e4 d6 5.f3 O-O 6.Be3 Nc6 7.Nge2 a6 8.Qd2 Rb8 9.g4
b5 10.Ng3 e5 11.Nce2 exd4 12.Nxd4 Nxd4 13.Bxd4 c5 14.Be3 bxc4 15.Bxc4 Nxg4
16.fxg4 Rxb2 17.Qd1 Qa5+ 18.Kf1 Qc3 19.Qd3 Bxg4 20.Qxc3 Bh3+ 21.Ke1 Bxc3+
22.Kd1 Rb4 23.Rc1 Rxc4 24.Ke2 Be6 25.Kd3 Bd4 {#R} 0-1

[Event "Tournament (2)"]
[Site "masterchessopen.com – Hofheim (Germany)"]
[Round "4"]
[White "Blum Ralf (GER)"]
[Black "Zunker Reinhard Dr (GER)"]
[Result "0-1"]
[WhiteElo "2097"]
[BlackElo "2150"]

1.d4 Nf6 2.c4 g6 3.Nc3 Bg7 4.e4 d6 5.f3 O-O 6.Be3 Nc6 7.Nge2 a6 8.Qd2 Rb8
9.Nc1 e5 10.Nb3 exd4 11.Nxd4 Ne5 12.Be2 c5 13.Nc2 Be6 14.b3 Qa5 15.a4 Nfg4
16.Nd5 Nxe3 17.Ne7+ Kh8 18.Qxa5 Nxc2+ 19.Kf2 Nxa1 20.Qb6 Nd7 21.Qxd6 Nxb3
22.Rb1 Nd4 23.Nd5 Be5 24.Qe7 b5 25.f4 Nc6 26.Qh4 Bd4+ 27.Kg3 bxa4 28.Rxb8 Rxb8
29.h3 a3 {#R} 0-1

[Event "It (open)"]
[Site "masterchessopen.com – Las Vegas (USA)"]
[Round "1"]
[White "Manion Josh (USA)"]
[Black "Schmidt Ralf (GER)"]
[Result "1-0"]
[WhiteElo "2390"]
[BlackElo "2141"]

1.d4 Nf6 2.c4 g6 3.Nc3 Bg7 4.e4 d6 5.f3 O-O 6.Be3 Nc6 7.Nge2 a6 8.Qd2 Rb8
9.O-O-O b5 10.Bh6 bxc4 11.h4 e5 12.d5 Nd4 13.Nxd4 exd4 14.Bxg7 dxc3 15.Qh6
cxb2+ 16.Kb1 Re8 17.h5 Re5 18.hxg6 fxg6 19.Bxf6 Qxf6 20.Qxh7+ Kf8 21.Qxc7 Ra8
22.Bxc4 Re7 23.Qd8+ {#r} 1-0

[Event "It \"]
[Site "masterchessopen.com – Philadelphia (USA)"]
[Round "7"]
[White "Belakovskaia Anjelina (USA)"]
[Black "Resika Nathan A (USA)"]
[Result "1-0"]
[WhiteElo "2355"]
[BlackElo "2170"]

1.d4 Nf6 2.c4 g6 3.Nc3 Bg7 4.e4 d6 5.f3 O-O 6.Be3 Nc6 7.Qd2 a6 8.Nge2 Rb8 9.g4
b5 10.Bh6 Bxh6 11.Qxh6 e5 12.Qd2 bxc4 13.O-O-O Bd7 14.d5 Nb4 15.Ng3 c5 16.Bxc4
Bb5 17.Qe2 Qb6 18.Rd2 Rfc8 19.h4 Rc7 20.h5 Qa5 21.a3 Nd7 22.Bxb5 axb5 23.Qe3
Nf8 24.Qh6 Na6 25.Nf5 gxf5 26.gxf5 b4 27.Rg2+ Ng6 28.f6 {#r} 1-0

[Event "Ch Poland (1/2 final)"]
[Site "masterchessopen.com – Poraj (Poland)"]
[Round "8"]
[White "Kaszowski Dariusz (POL)"]
[Black "Jedryczka Krystian (POL)"]
[Result "1-0"]
[WhiteElo "2245"]
[BlackElo "2205"]

1.d4 Nf6 2.c4 g6 3.Nc3 Bg7 4.e4 d6 5.f3 O-O 6.Be3 Nc6 7.Qd2 a6 8.Nge2 Rb8
9.Nc1 e5 10.d5 Nd4 11.N1e2 c5 12.dxc6 bxc6 13.Nxd4 exd4 14.Bxd4 Qa5 15.Rc1 Re8
16.Be2 Qb4 17.b3 Be6 18.O-O d5 19.exd5 cxd5 20.cxd5 Bxd5 21.Bxf6 Bxf6 22.Qxd5
Bxc3 23.Bc4 Re7 24.Rcd1 Rbe8 25.Qc6 Qa5 26.f4 Bg7 27.f5 gxf5 28.Rd5 Qc7
29.Qxc7 Rxc7 30.Rdxf5 Ree7 31.Bxa6 {#r} 1-0

[Event "Ch World (team) (under 26)"]
[Site "masterchessopen.com – Roque Saenz Pena (Argentina)"]
[Round "3"]
[White "Ramirez Carlos (PUR)"]
[Black "Datu Idelfonso (PHI)"]
[Result "0-1"]
[WhiteElo "2138"]
[BlackElo "2457"]

1.d4 Nf6 2.c4 g6 3.Nc3 Bg7 4.e4 d6 5.f3 O-O 6.Be3 Nc6 7.Nge2 a6 8.Qd2 Rb8 9.g4
b5 10.Ng3 e5 11.dxe5 Nxe5 12.Be2 Nxc4 13.Bxc4 bxc4 14.Bh6 Nd7 15.Bxg7 Kxg7
16.Rb1 Ne5 17.Kf2 Qf6 18.f4 Nxg4+ 19.Kg1 c5 20.e5 dxe5 21.Nd5 Qc6 22.f5 Bb7
23.Qg5 Qxd5 {#R} 0-1

[Event "It (open) \"]
[Site "masterchessopen.com – Tatranska Lomnica (Slovakia)"]
[Round "6"]
[White "Cenker Milan (SVK)"]
[Black "Majzlan Igor (SVK)"]
[Result "0-1"]
[WhiteElo "2044"]
[BlackElo "2174"]

1.d4 Nf6 2.c4 g6 3.f3 d6 4.e4 Bg7 5.Nc3 O-O 6.Be3 Nc6 7.Nge2 Rb8 8.Qd2 a6 9.h4
h5 10.Bh6 e5 11.O-O-O b5 12.Bxg7 Kxg7 13.Nd5 bxc4 14.Nxf6 Qxf6 15.d5 Nb4
16.Nc3 Nd3+ 17.Bxd3 cxd3 18.Qxd3 Rb6 19.Kb1 Bd7 20.Rc1 Rfb8 21.Rc2 a5 22.Qe2
Qf4 23.Qd2 Rxb2+ {#R} 0-1

[Event "It (open)"]
[Site "masterchessopen.com – Turku (Finland)"]
[Round "1"]
[White "Sammalvuo Tapani (FIN)"]
[Black "Johansson Jukka (FIN)"]
[Result "1-0"]
[WhiteElo "2370"]
[BlackElo "2117"]

1.d4 Nf6 2.c4 g6 3.Nc3 Bg7 4.e4 d6 5.f3 O-O 6.Be3 Nc6 7.Nge2 a6 8.Qd2 Rb8
9.Nc1 e5 10.d5 Nd4 11.N1e2 c5 12.dxc6 bxc6 13.Nxd4 exd4 14.Bxd4 Re8 15.Be2 d5
16.cxd5 Rb4 17.e5 Nxd5 18.Nxd5 Rxd4 19.Qxd4 Rxe5 20.Qb6 Qxd5 21.Rd1 Qe6
22.Rd8+ Bf8 23.O-O Rxe2 24.Qc5 Qe3+ 25.Qxe3 Rxe3 26.Rxc8 Re6 27.Re1 {#r} 1-0

[Event "Staatsliga B Mitte 1998/99"]
[Site "masterchessopen.com – Austria"]
[Round "1"]
[White "Nussbaumer Johann (AUT)"]
[Black "Wallner Alfred (AUT)"]
[Result "0-1"]
[WhiteElo "2050"]
[BlackElo "2270"]

1.d4 Nf6 2.c4 g6 3.Nc3 Bg7 4.e4 d6 5.f3 O-O 6.Be3 Nc6 7.Nge2 a6 8.Qd2 Rb8
9.Nc1 e5 10.d5 Nd4 11.Nb3 c5 12.dxc6 bxc6 13.Nxd4 exd4 14.Bxd4 d5 15.cxd5 cxd5
16.exd5 Rb4 17.Be2 Re8 18.O-O Rxd4 19.Qxd4 Ng4 20.Qc5 Nxh2 21.Rfe1 Qh4 22.Rad1
Nxf3+ 23.Bxf3 Rxe1+ 24.Rxe1 Qxe1+ 25.Kh2 Qh4+ 26.Kg1 Bd4+ 27.Qxd4 Qxd4+ {#R}
0-1

[Event "It (open) (b)"]
[Site "masterchessopen.com – Bad Zwesten (Germany)"]
[Round "4"]
[White "Thamm Oliver (GER)"]
[Black "Johann Christof (GER)"]
[Result "0-1"]
[WhiteElo "2090"]
[BlackElo "2202"]

1.c4 g6 2.d4 Bg7 3.Nc3 d6 4.e4 Nf6 5.f3 O-O 6.Be3 Nc6 7.Qd2 a6 8.Nge2 Rb8
9.Nc1 e5 10.d5 Nd4 11.b4 Nh5 12.Be2 f5 13.O-O f4 14.Bf2 Nxe2+ 15.Qxe2 Nf6
16.Nb3 g5 17.g4 fxg3 18.hxg3 g4 19.Nd2 Qe8 20.Kg2 gxf3+ 21.Nxf3 Bg4 22.Qe3
Bxf3+ 23.Qxf3 Nxd5 24.Qd3 Nxb4 25.Qe2 Nc6 26.c5 Nd4 27.Qc4+ Qf7 28.Nd5 Qf3+
29.Kg1 Kh8 30.Rae1 dxc5 31.Qxc5 Qg4 32.Kg2 c6 33.Bxd4 {#R} 0-1

[Event "Ch Poland (1/2 final)"]
[Site "masterchessopen.com – Czestochowa (Poland)"]
[Round "9"]
[White "Szymanski Marcin (POL)"]
[Black "Jedryczka Krystian (POL)"]
[Result "1-0"]
[WhiteElo "2295"]
[BlackElo "2465"]

1.d4 Nf6 2.c4 g6 3.Nc3 Bg7 4.e4 d6 5.f3 O-O 6.Be3 Nc6 7.Nge2 a6 8.Qd2 Rb8
9.Bh6 Bxh6 10.Qxh6 e5 11.O-O-O b5 12.h4 bxc4 13.h5 Qe7 14.g4 exd4 15.Nxd4 Nxd4
16.Rxd4 Qe5 17.hxg6 fxg6 18.Bxc4+ Be6 19.Bxe6+ Qxe6 20.g5 {#r} 1-0

[Event "Ch Germany (juniors) (under 20) (team)"]
[Site "masterchessopen.com – Erfurt (Germany)"]
[Round "1"]
[White "MacKay Ian D (SCO)"]
[Black "Lev Ronen (ISR)"]
[Result "1-0"]
[WhiteElo "2289"]
[BlackElo "2460"]

1.d4 Nf6 2.c4 g6 3.Nc3 Bg7 4.e4 d6 5.f3 O-O 6.Be3 Nc6 7.Nge2 a6 8.Qd2 Rb8 9.h4
b5 10.h5 e5 11.d5 Na5 12.Ng3 bxc4 13.O-O-O Qe7 14.Nb1 Nb7 15.Bxc4 Nc5 16.hxg6
fxg6 17.Bxc5 {#r} 1-0

[Event "It (open)"]
[Site "masterchessopen.com – Fouesnant (France)"]
[Round "3"]
[White "Picart Laurent (FRA)"]
[Black "Slavkov Ivan (FRA)"]
[Result "0-1"]
[WhiteElo "2112"]
[BlackElo "2130"]

1.d4 Nf6 2.c4 g6 3.Nc3 Bg7 4.e4 d6 5.f3 O-O 6.Be3 Nc6 7.Nge2 a6 8.Qd2 Rb8
9.Nc1 e5 10.d5 Nd4 11.N1e2 c5 12.dxc6 bxc6 13.Nxd4 exd4 14.Bxd4 c5 15.Be3 Qa5
16.Rb1 Ng4 17.Bd3 Nxe3 18.Qxe3 Rxb2 19.Rxb2 Qxc3+ {#R} 0-1

[Event "Bundesliga (2nd) South 1997/98"]
[Site "masterchessopen.com – Germany"]
[Round "0"]
[White "Hertneck Gerald (GER)"]
[Black "Schmaltz Roland (GER)"]
[Result "0-1"]
[WhiteElo "2555"]
[BlackElo "2520"]

1.d4 g6 2.e4 Bg7 3.Be3 d6 4.Qd2 a6 5.c4 Nf6 6.f3 O-O 7.Nc3 Nc6 8.Nge2 Rb8
9.Rc1 Bd7 10.Nd1 e6 11.g3 Ne8 12.Bg2 f5 13.O-O Nf6 14.Nf2 Qe7 15.f4 fxe4 16.d5
Nd8 17.Nc3 Nf7 18.Ncxe4 Nxe4 19.Nxe4 e5 20.Rfe1 Bf5 21.c5 Rbe8 22.Qb4 Bxe4
23.Bxe4 exf4 24.Bxf4 dxc5 25.Qxb7 Nd6 26.Bxd6 Qxd6 27.b3 Bd4+ 28.Kh1 Re5
29.Bg2 Rh5 {#R} 0-1

[Event "Ch SWH "]
[Site "masterchessopen.com – Germany"]
[Round "3"]
[White "Hess Christian (GER)"]
[Black "Kennel Christoph (GER)"]
[Result "0-1"]
[WhiteElo "2300"]
[BlackElo "2194"]

1.d4 Nf6 2.c4 g6 3.Nc3 Bg7 4.e4 d6 5.f3 O-O 6.Be3 Nc6 7.Nge2 Rb8 8.Qd2 a6 9.g4
b5 10.h4 bxc4 11.h5 Nb4 12.Ng3 Bxg4 13.fxg4 Nxg4 14.O-O-O c5 15.dxc5 Nxa2+
16.Nxa2 Rxb2 17.Qxb2 Bxb2+ 18.Kxb2 Nxe3 19.Rc1 Qa5 20.Rh3 c3+ 21.Ka1 c2 22.Ne2
Qxc5 23.Rh2 Rb8 24.Ng3 {#R} 0-1

[Event "It (open)"]
[Site "masterchessopen.com – Gorlitz (Germany)"]
[Round "4"]
[White "Fuchs Oliver (GER)"]
[Black "Hausmann Ilka (GER)"]
[Result "0-1"]
[WhiteElo "1919"]
[BlackElo "2113"]

1.d4 Nf6 2.c4 g6 3.Nc3 Bg7 4.e4 d6 5.f3 O-O 6.Be3 Nc6 7.Qd2 a6 8.Nge2 Rb8
9.Nc1 e5 10.d5 Nd4 11.N3e2 c5 12.Nxd4 exd4 13.Bg5 h6 14.Bh4 Re8 15.Be2 b5
16.Bg3 Nh5 17.cxb5 axb5 18.Nd3 Nxg3 19.hxg3 f5 20.Nf4 Qg5 21.Kf2 fxe4 22.fxe4
Rxe4 23.Qd3 Bf5 24.Bf3 Re3 25.Qd2 Be5 26.Rh4 Re8 27.Rah1 d3 28.Kf1 Bd4 29.Rxh6
Qxg3 30.Ne6 Bxe6 31.Rh8+ Bxh8 32.Qxe3 Bd4 {#R} 0-1

[Event "It (open)"]
[Site "masterchessopen.com – Gorlitz (Germany)"]
[Round "3"]
[White "Richter Maik (GER)"]
[Black "Heymann Ulrike (GER)"]
[Result "1-0"]
[WhiteElo "2186"]
[BlackElo "2115"]

1.e4 d6 2.d4 Nf6 3.f3 g6 4.c4 Bg7 5.Nc3 O-O 6.Be3 Nc6 7.Qd2 a6 8.Nge2 Rb8 9.h4
b5 10.h5 e5 11.Nd5 exd4 12.Nxd4 Ne5 13.Nxf6+ Qxf6 14.Bg5 Nd3+ 15.Qxd3 Qxd4
16.Qxd4 Bxd4 17.O-O-O c5 18.hxg6 hxg6 19.Rxd4 f6 20.Rxd6 fxg5 21.Rxg6+ Kf7
22.Rxg5 {#r} 1-0

[Event "It (open) (juniors) (under 20)"]
[Site "masterchessopen.com – Hengelo (Netherlands)"]
[Round "0"]
[White "Bakker Sven (NED)"]
[Black "De Pender Paul (NED)"]
[Result "1-0"]
[WhiteElo "2217"]
[BlackElo "2191"]

1.d4 Nf6 2.c4 g6 3.Nc3 Bg7 4.e4 d6 5.f3 O-O 6.Be3 a6 7.Qd2 Nc6 8.Nge2 Rb8 9.h4
h5 10.Nc1 e5 11.d5 Nd4 12.Nb3 b5 13.Nxd4 exd4 14.Bxd4 bxc4 15.Bxc4 Rb4 16.b3
Re8 17.O-O-O Bd7 18.a3 Rb8 19.Kb2 Qc8 20.Ka2 Qb7 21.Rc1 c5 22.dxc6 Bxc6 23.Qg5
Bb5 24.Bxb5 axb5 25.Bxf6 Bxf6 26.Qxf6 b4 27.Nd5 bxa3 28.Qc3 Rec8 29.Qe3 {#r}
1-0

[Event "Ch Hungary (KO-system)"]
[Site "masterchessopen.com – Hungary"]
[Round "0"]
[White "Gal Gabor (HUN)"]
[Black "Boros Daniel (HUN)"]
[Result "0-1"]
[WhiteElo "2218"]
[BlackElo "2300"]

1.d4 Nf6 2.c4 g6 3.Nc3 Bg7 4.e4 d6 5.f3 O-O 6.Be3 Nc6 7.Nge2 Rb8 8.Qd2 a6
9.Bh6 Bxh6 10.Qxh6 e5 11.O-O-O b5 12.cxb5 axb5 13.d5 Na5 14.h4 b4 15.Nb1 c6
16.h5 cxd5 17.Nd2 d4 18.Kb1 Be6 19.g4 Qd7 20.b3 Ra8 21.Ng3 Qa7 22.Nf5 Bxf5
23.gxf5 Nxb3 24.Kc2 Qxa2+ 25.Kd3 Qa6+ 26.Nc4 Rfc8 {#R} 0-1

[Event "It (open) \"]
[Site "masterchessopen.com – Iraklion (Greece)"]
[Round "8"]
[White "Shahtahtinsky Alekper (GRE)"]
[Black "Marountas Ioannis (GRE)"]
[Result "1-0"]
[WhiteElo "2350"]
[BlackElo "2135"]

1.d4 Nf6 2.c4 g6 3.Nc3 Bg7 4.e4 d6 5.f3 O-O 6.Be3 Nc6 7.Qd2 a6 8.Nge2 Rb8
9.Nc1 Re8 10.Nb3 e5 11.d5 Ne7 12.c5 Nh5 13.O-O-O f5 14.Kb1 f4 15.Bf2 Rf8
16.Be2 Bd7 17.Rc1 Nc8 18.Rc2 Bf6 19.Rhc1 Qe8 20.c6 bxc6 21.dxc6 Bxc6 22.Nd5
Bxd5 23.Qxd5+ Kh8 24.Rxc7 Ne7 25.Qxd6 a5 26.Qd7 Qf7 27.Bc4 Qg7 28.Bc5 a4
29.Bxe7 {#r} 1-0

[Event "Ch Asia (juniors) (under 20) (g)"]
[Site "masterchessopen.com – Iran"]
[Round "6"]
[White "Bekmukhamedova Tatiana (KAZ)"]
[Black "Babataeva Indira (KAZ)"]
[Result "0-1"]
[WhiteElo "2174"]
[BlackElo "2194"]

1.d4 Nf6 2.c4 g6 3.Nc3 Bg7 4.e4 d6 5.f3 O-O 6.Be3 Nc6 7.Nge2 a6 8.Qd2 Rb8
9.Bh6 Bxh6 10.Qxh6 e5 11.O-O-O b5 12.h4 Kh8 13.h5 Ng8 14.Qe3 g5 15.dxe5 Nxe5
16.c5 b4 17.Nd5 dxc5 18.Qxc5 Rb5 19.Qe3 Bd7 20.Ng3 Ra5 21.Nxb4 c5 22.Nxa6 Qb6
23.Qc3 f6 24.Rd6 Qxd6 25.Qxa5 Ra8 26.Be2 c4 27.Rd1 Qxa6 28.Qxa6 Rxa6 29.Bxc4
Rc6 30.b3 Nxc4 31.bxc4 Rxc4+ 32.Kb2 Rc7 {#R} 0-1

[Event "Ch Poland (juniors) (under 16)"]
[Site "masterchessopen.com – Krynica (Poland)"]
[Round "0"]
[White "Flak Pawel (POL)"]
[Black "Mista Aleksander (POL)"]
[Result "0-1"]
[WhiteElo "2215"]
[BlackElo "2255"]

1.d4 g6 2.c4 Bg7 3.Nc3 d6 4.e4 Nf6 5.f3 O-O 6.Be3 Nc6 7.Qd2 a6 8.Nge2 Rb8 9.a4
e5 10.d5 Na5 11.Nc1 c5 12.Bd3 Nh5 13.N3e2 f5 14.O-O fxe4 15.fxe4 Rxf1+ 16.Kxf1
Bg4 17.b4 cxb4 18.Qxb4 b6 19.Rb1 Qh4 20.Kg1 Rf8 21.Qd2 Bh6 22.Bxh6 Qf2+ 23.Kh1
Bh3 24.Qg5 Nf4 25.gxh3 Qf3+ {#R} 0-1

[Event "It (open)"]
[Site "masterchessopen.com – Los Angeles (USA)"]
[Round "1"]
[White "Hummel Patrick (USA)"]
[Black "Gufeld Eduard (USA)"]
[Result "1-0"]
[WhiteElo "2240"]
[BlackElo "2465"]

1.d4 Nf6 2.c4 g6 3.Nc3 Bg7 4.e4 d6 5.f3 O-O 6.Be3 Nc6 7.Qd2 a6 8.Nge2 Rb8 9.h4
h5 10.O-O-O b5 11.Bh6 e5 12.Nd5 Bxh6 13.Qxh6 bxc4 14.g4 Nxd4 15.Nxd4 exd4
16.gxh5 Nxh5 17.Bxc4 c6 18.Rdg1 cxd5 19.Rxg6+ fxg6 20.Bxd5+ Rf7 21.Qxg6+ Kh8
22.Bxf7 Nf6 23.Rg1 Ng4 24.Rxg4 Qc7+ 25.Kd1 {#r} 1-0

[Event "Ch Moscow (open)"]
[Site "masterchessopen.com – Moscow (Russia)"]
[Round "1"]
[White "Melikhov Evgeny V (RUS)"]
[Black "Voinov Sergey (RUS)"]
[Result "1-0"]
[WhiteElo "2285"]
[BlackElo "2347"]

1.d4 Nf6 2.c4 g6 3.Nc3 Bg7 4.e4 d6 5.f3 O-O 6.Be3 Nc6 7.Nge2 a6 8.Qd2 Rb8 9.h4
b5 10.h5 e5 11.d5 Na5 12.Ng3 bxc4 13.O-O-O Ne8 14.hxg6 fxg6 15.Bh6 Rf7 16.Bxg7
Rxg7 17.Be2 Bd7 18.Nf1 Nb7 19.Bxc4 Nc5 20.Ne3 Rb4 21.g3 Qf6 22.Rhf1 Qg5 23.f4
Qxg3 24.Ne2 Qh3 25.Nc3 Bb5 26.b3 Bxc4 27.bxc4 exf4 28.Rxf4 Re7 29.Rdf1 Qd7
30.Ng4 Rf7 31.Nh6+ {#r} 1-0

[Event "Ch Europe (juniors) (under 14)"]
[Site "masterchessopen.com – Mureck (Austria)"]
[Round "9"]
[White "Riazantsev Alexander (RUS)"]
[Black "Efimenko Zahar (UKR)"]
[Result "1-0"]
[WhiteElo "2335"]
[BlackElo "2330"]

1.d4 Nf6 2.c4 g6 3.Nc3 Bg7 4.e4 d6 5.f3 O-O 6.Be3 Nc6 7.Qd2 a6 8.Nge2 Rb8
9.Nc1 e5 10.d5 Nd4 11.N1e2 Nxe2 12.Bxe2 Nh5 13.O-O-O f5 14.Bd3 Bd7 15.Kb1 Qe7
16.Rc1 Nf6 17.Rhe1 c5 18.dxc6 bxc6 19.c5 d5 20.exd5 cxd5 21.Nxd5 Nxd5 22.Bc4
Be6 23.Bxd5 Rfd8 24.Bg5 Rxd5 25.Qxd5 Qf7 26.Qd6 Bxa2+ 27.Ka1 e4 28.Qxb8+ {#r}
1-0

[Event "It (open) \"]
[Site "masterchessopen.com – Paris (France)"]
[Round "0"]
[White "Murey Jacob (ISR)"]
[Black "Lorand Philippe (FRA)"]
[Result "1-0"]
[WhiteElo "2460"]
[BlackElo "2151"]

1.c4 Nf6 2.Nc3 g6 3.e4 d6 4.d4 Bg7 5.f3 O-O 6.Be3 Nc6 7.Nge2 a6 8.Qd2 Rb8 9.h4
b5 10.h5 bxc4 11.hxg6 fxg6 12.Nf4 Na5 13.O-O-O c6 14.g4 Bxg4 15.fxg4 Nxg4
16.Bh3 Rxf4 17.Bxf4 Nf6 18.Be6+ Kh8 19.Bh6 Bxh6 20.Rxh6 Qb6 21.Rdh1 {#r} 1-0

[Event "It (open)"]
[Site "masterchessopen.com – Saint-Quentin (France)"]
[Round "4"]
[White "Murey Jacob (ISR)"]
[Black "Te-Llalemand Rosa (FRA)"]
[Result "1-0"]
[WhiteElo "2460"]
[BlackElo "2280"]

1.d4 Nf6 2.c4 g6 3.Nc3 Bg7 4.e4 d6 5.f3 O-O 6.Be3 Nc6 7.Nge2 a6 8.Qd2 Rb8 9.h4
h5 10.Nd5 b5 11.cxb5 axb5 12.Rc1 Bd7 13.Nec3 e6 14.Nxf6+ Bxf6 15.Bxb5 Bxh4+
16.Kf1 Bf6 17.g4 e5 18.Bxc6 exd4 19.Bxd4 Bxc6 20.gxh5 Rxb2 21.Qh6 Bb5+ 22.Nxb5
Qd7 23.a4 Bxd4 24.Nxd4 c5 25.hxg6 {#r} 1-0

[Event "Extra League 1997/98"]
[Site "masterchessopen.com – Slovakia"]
[Round "10"]
[White "Balogh Peter (SVK)"]
[Black "Hanko Pavol (SVK)"]
[Result "1-0"]
[WhiteElo "1955"]
[BlackElo "2245"]

1.d4 Nf6 2.c4 g6 3.Nc3 Bg7 4.e4 d6 5.f3 O-O 6.Be3 Nc6 7.Nge2 a6 8.Qd2 Rb8
9.Nc1 Ne8 10.Nb3 f5 11.O-O-O Nf6 12.exf5 Bxf5 13.g4 Bd7 14.h4 e5 15.d5 Ne7
16.h5 b5 17.hxg6 hxg6 18.Bh6 Rf7 19.Bd3 bxc4 20.Bxc4 Rb4 21.Bd3 c6 22.Ne4 Nxe4
23.Qxb4 Nf2 24.Bxg7 Rxg7 25.Qxd6 Nxd1 26.dxc6 Ne3 27.cxd7 {#r} 1-0

[Event "Ch SVM"]
[Site "masterchessopen.com – Kerpen (Germany)"]
[Date "1998.05.18"]
[Round "1"]
[White "Titz Stefan"]
[Black "Koehler Markus (GER)"]
[Result "0-1"]
[WhiteElo "1831"]
[BlackElo "2130"]

1.d4 Nf6 2.c4 g6 3.Nc3 Bg7 4.e4 d6 5.f3 O-O 6.Be3 Nc6 7.Nge2 a6 8.Qd2 Rb8 9.g4
b5 10.Bh6 bxc4 11.Bxg7 Kxg7 12.h4 h5 13.gxh5 Nxh5 14.O-O-O e5 15.Nd5 Be6
16.Ne3 Nb4 17.Nc3 Ng3 18.Bxc4 Bxc4 19.Nxc4 Nxh1 20.Rxh1 exd4 21.h5 dxc3
22.Qxc3+ Kg8 23.hxg6 Nxa2+ {#R} 0-1

[Event "It (open)"]
[Site "masterchessopen.com – Bad Wiessee (Germany)"]
[Round "1"]
[White "Hefter Franz (GER)"]
[Black "Golubev Mikhail (UKR)"]
[Result "0-1"]
[WhiteElo "1998"]
[BlackElo "2532"]

1.d4 Nf6 2.c4 g6 3.Nc3 Bg7 4.e4 d6 5.f3 a6 6.Be3 O-O 7.Qd2 Nc6 8.Nge2 Rb8 9.g4
b5 10.Ng3 e5 11.d5 Nd4 12.Kf2 bxc4 13.Bxc4 Nxf3 14.Kxf3 Nxg4 15.b3 Nxe3
16.Qxe3 f5 17.Qd2 Qh4 18.h3 Bh6 19.Qg2 Qf4+ {#R} 0-1

[Event "It (open)"]
[Site "masterchessopen.com – Benasque (Spain)"]
[Round "7"]
[White "Mateo Ramon (DOM)"]
[Black "Kuzmin Alexey (RUS)"]
[Result "0-1"]
[WhiteElo "2425"]
[BlackElo "2579"]

1.d4 Nf6 2.c4 g6 3.Nc3 Bg7 4.e4 d6 5.f3 O-O 6.Be3 a6 7.Qd2 Nc6 8.Nge2 Rb8 9.g4
b5 10.g5 Nd7 11.h4 Nb6 12.Ng1 Nxc4 13.Bxc4 bxc4 14.Nge2 Nb4 15.Nc1 c5 16.dxc5
dxc5 17.Qh2 Nd3+ 18.Nxd3 Qxd3 19.Qxb8 Qxe3+ 20.Ne2 Qxf3 21.Rh2 c3 {#R} 0-1

[Event "Ch Germany (juniors) (under 20) (team)"]
[Site "masterchessopen.com – Bonn (Germany)"]
[Round "4"]
[White "Klawonn Malin (GER)"]
[Black "Zaragatski Ilja (GER)"]
[Result "0-1"]
[WhiteElo "2078"]
[BlackElo "2154"]

1.d4 Nf6 2.c4 g6 3.Nc3 Bg7 4.e4 d6 5.f3 O-O 6.Be3 Nc6 7.Nge2 a6 8.Qd2 Rb8 9.h4
b5 10.h5 e5 11.Nd5 bxc4 12.Bh6 Nxd5 13.exd5 Nb4 14.Ng3 exd4 15.Bxg7 Qe7+
16.Ne4 Kxg7 17.hxg6 fxg6 18.Bxc4 Bf5 19.O-O-O c6 20.Rde1 Qa7 21.Nxd6 cxd5
22.Qg5 Nc6 23.Nxf5+ Rxf5 24.Qh6+ Kg8 25.g4 Rf7 26.Re6 Ne7 27.Rxe7 Qxe7 28.Bxd5
Qc5+ 29.Kd1 Qxd5 30.Qd2 Qxf3+ {#R} 0-1

[Event "It (open)"]
[Site "masterchessopen.com – Budapest (Hungary)"]
[Round "2"]
[White "Bognar Csaba (HUN)"]
[Black "Zimmerman Yuri (ISR)"]
[Result "0-1"]
[WhiteElo "2237"]
[BlackElo "2440"]

1.d4 g6 2.c4 Bg7 3.Nc3 d6 4.e4 Nf6 5.f3 O-O 6.Be3 a6 7.Qd2 Nc6 8.Nge2 Rb8
9.Nc1 e5 10.Nb3 exd4 11.Nxd4 Ne5 12.Be2 c5 13.Nb3 Be6 14.Nd5 b5 15.Na5 bxc4
16.Bxc4 Nxd5 17.exd5 Rxb2 18.Qxb2 Nxf3+ 19.gxf3 Bxb2 20.Rb1 Qxa5+ 21.Ke2 Qc3
{#R} 0-1